LEADER 01356nam0-2200361---450- 001 990008429180403321 005 20061213120657.0 010 $a3-05-000124-0 035 $a000842918 035 $aFED01000842918 035 $a(Aleph)000842918FED01 035 $a000842918 100 $a20061129d1986----km-y0itay50------ba 101 0 $ager 102 $aDE 105 $aa-------001yy 200 1 $a<>Germanen$eGeschichte und Kultur der germanischen Stämme in Mitteleuropa$eein Handbuch in zwei Bänden$fausgearbeitet von einem Autorenkollektiv unter Leitung von Bruno Krüger 205 $a2., durchgesehene Auflage 210 $aBerlin$cAkademie Verlag$d1986 215 $a2 v.$cill.$d25 cm 225 1 $aVeröffentlichungen des Zentralinstituts für Alte Geschichte und Archäologie der Akademie der Wissenschaften der DDR$v4 300 $aSul front.: 68 tafeln und 192 abbildungen 327 1 $aBand II: Die Stämme und Stammesverbände in der Zeit vom 3. Jahrhundert bis zur Herausbildung der politishen Vorherrschaft der Franken 610 0 $aGermania$aPopolazione 676 $a943.01 702 1$aKrüger,$bBruno 801 0$aIT$bUNINA$gRICA$2UNIMARC 901 $aBK 912 $a990008429180403321 952 $a943.01 KRU 1 (2)$bDip. disc. st. 2481$fFLFBC 959 $aFLFBC 996 $aGermanen$9264591 997 $aUNINA LEADER 01759nam 2200397Ia 450 001 996386317003316 005 20221108091554.0 035 $a(CKB)4940000000077662 035 $a(EEBO)2240942395 035 $a(OCoLC)12545364 035 $a(EXLCZ)994940000000077662 100 $a19850913d1687 uy | 101 0 $aeng 135 $aurbn||||a|bb| 200 10$aTwo discourses concerning the adoration of a B. Saviour in the H. Eucharist$b[electronic resource] $ethe first: Animadversions upon the alterations of the rubrick in the Communion-Service, in the Common-Prayer-Book of the Church of England : the second: The Catholicks defence for their adoration of our Lord, as believed really and substantially present in the Holy Sacrament of the Eucharist 210 $aAt Oxford printed $c[s.n.]$d1687 215 $a[4], 32, [6], 38 p 300 $aReproduction of original in Bristol Publick Library, Bristol, England. 300 $aAttributed to Abraham Woodhead. cf. NUC pre-1956. 300 $aTable of contents: p. [3]-[4] and [3]-[5] 300 $a"Animadversions upon the alterations of the rubrick in the Communion-Service" has caption title. 300 $a"The Catholicks defence for their adoration of the body and blood of our Lord" has separate t.p. 330 $aeebo-0016 606 $aLord's Supper$vEarly works to 1800 606 $aTransubstantiation$vEarly works to 1800 615 0$aLord's Supper 615 0$aTransubstantiation 700 $aR. H$f1609-1678.$01001862 801 0$bEAA 801 1$bEAA 801 2$bm/c 801 2$bWaOLN 906 $aBOOK 912 $a996386317003316 996 $aTwo discourses concerning the adoration of a B. Saviour in the H. Eucharist$92394867 997 $aUNISA LEADER 05333nam 22006734a 450 001 9910829864203321 005 20230829010416.0 010 $a1-280-74882-6 010 $a9786610748822 010 $a0-470-76427-9 010 $a0-470-98887-8 010 $a1-4051-7307-6 035 $a(CKB)1000000000341810 035 $a(EBL)284294 035 $a(OCoLC)437176168 035 $a(SSID)ssj0000222365 035 $a(PQKBManifestationID)11187861 035 $a(PQKBTitleCode)TC0000222365 035 $a(PQKBWorkID)10171218 035 $a(PQKB)11000358 035 $a(MiAaPQ)EBC284294 035 $a(EXLCZ)991000000000341810 100 $a20060320d2006 uy 0 101 0 $aeng 135 $aur|n|---||||| 181 $ctxt 182 $cc 183 $acr 200 00$aPlant proteomics$b[electronic resource] /$fedited by Christine Finnie 210 $aOxford, UK ;$aAmes, Iowa $cBlackwell Pub.$d2006 215 $a1 online resource (276 p.) 225 1 $aAnnual plant reviews ;$vv. 28 300 $aDescription based upon print version of record. 311 $a1-4051-4429-7 320 $aIncludes bibliographical references and index. 327 $aPlant Proteomics; Contents; Preface; Contributors; 1 Plant proteomics: challenges and resources; 1.1 Introduction; 1.2 Challenges; 1.2.1 Sample extraction; 1.2.1.1 Two-dimensional gel electrophoresis; 1.2.1.2 Direct MS analysis of samples; 1.2.2 Sample preparation and arraying; 1.2.2.1 Two-dimensional gel electrophoresis; 1.2.2.2 One-dimensional gel electrophoresis; 1.2.2.3 Blue-native gel electrophoresis; 1.2.2.4 Direct analysis of samples by MS; 1.2.3 Mass spectrometry (MALDI and ESI); 1.2.3.1 MALDI; 1.2.3.2 ESI; 1.2.4 Analysis depth; 1.2.5 Data analysis; 1.2.5.1 Peptide mass fingerprints 327 $a1.2.5.2 Peptide fragmentation data (MS/MS)1.2.5.3 Analysis options; 1.2.6 Quantitation; 1.2.6.1 Gel stains; 1.2.6.2 Chemical labelling of sample; 1.2.7 Modifications; 1.2.8 Data; 1.3 Resources; 1.3.1 Proteomic databases; 1.3.2 Online proteomic tools and resources; 1.4 Future; 2 Proteomic analysis of post-translational modifications by mass spectrometry; 2.1 Summary; 2.2 Introduction; 2.3 Considerations for the experimental design of PTM analysis by proteomics; 2.4 Analysis of PTMs by proteomic approaches; 2.4.1 Phosphorylation; 2.4.2 Protein glycosylation; 2.4.3 GPI-AP; 2.4.4 Farnesylation 327 $a2.4.5 N-terminally modified proteins2.5 Conclusions and perspectives; 3 Strategies for the investigation of protein-protein interactions in plants; 3.1 Summary; 3.2 Introduction; 3.3 Biochemical procedures to characterize protein-protein interactions; 3.3.1 Chromatographic purifications; 3.3.2 Sucrose gradient ultrafiltration; 3.3.3 Native gel electrophoresis; 3.3.4 Immunoprecipitations; 3.4 Genetic procedures to characterize protein-protein interactions; 3.4.1 Yeast two-hybrid system; 3.4.2 Yeast three-hybrid system; 3.4.3 Yeast one-hybrid system 327 $a3.4.4 Limitations of yeast two-hybrid systems3.4.5 Split-ubiquitin system; 3.4.6 Bimolecular fluorescence complementation (BiFC); 3.4.7 Fo?rster resonance energy transfer (FRET); 3.4.8 Tagging technologies for the purification of protein complexes; 3.5 Cytological procedures to characterize protein-protein interactions; 3.6 Outlook; 4 Proteomics of disulphide and cysteine oxidoreduction; 4.1 Introduction; 4.2 Control of cellular redox status; 4.2.1 Sequence and structural features of proteins catalysing cysteine redox modifications; 4.2.2 Catalytic mechanisms of Trxs and Grxs 327 $a4.3 Proteomics techniques for analysis of cysteine modifications4.3.1 Reagents for cysteine labelling; 4.3.2 Disulphide mapping; 4.3.3 S-glutathionylation; 4.3.4 Cysteine SOH, SO2H and SO3H; 4.3.5 Trxs and disulphide reduction; 4.3.6 S-nitrosylation; 4.4 Conclusions and perspectives; 5 Structural proteomics; 5.1 Introduction; 5.2 Project data handling: Sesame; 5.3 ORF cloning; 5.4 E. coli cell-based protein production pipeline; 5.4.1 Large-scale protein production and labeling; 5.4.2 Protein purification; 5.5 Wheat germ cell-free protein production 327 $a5.6 Mass spectrometry of purified proteins for quality assurance and analysis 330 $aThe proteome comprises all protein species resulting from gene expression in a cell, organelle, tissue or organism. By definition, proteomics aims to identify and characterise the expression pattern, cellular location, activity, regulation, post-translational modifications, molecular interactions, three dimensional structures and functions of each protein in a biological system.In plant science, the number of proteome studies is rapidly expanding after the completion of the Arabidopsis thaliana genome sequence, and proteome analyses of other important or emerging model systems and crop 410 0$aAnnual plant reviews ;$vv. 28. 606 $aPlant proteins 606 $aPlant proteomics 615 0$aPlant proteins. 615 0$aPlant proteomics. 676 $a572.62 676 $a572/.62 676 $a580.5 686 $a42.42$2bcl 701 $aFinnie$b Christine$0863228 801 0$bMiAaPQ 801 1$bMiAaPQ 801 2$bMiAaPQ 906 $aBOOK 912 $a9910829864203321 996 $aPlant proteomics$91926951 997 $aUNINA